000 00994nam a22003017a 4500
003 CHAP
005 20220329140631.0
008 971013s1956 r 00010 d
010 _a55081
011 _a56053
035 _a60206
040 _cCHAP
090 _aFolleto 5346
100 0 0 _aSánz Egaña, Cesáreo.
_9107983
245 _aApreciación en vivo del ganado vacuno para carne
260 _aMadrid :
_bMinisterio de Agricultura,
_c1956
300 _a16 p.
_b: ilus.
490 _aMinisterio de Agricultura. Hojas divulgadores
_v; 24-56
590 _aBATCH-UPD
_b10
_c20130110
_lUCH01
_h0617
590 _aBATCH-UPD
_b10
_c20130410
_lUCH01
_h0259
590 _aBATCH-UPD
_b10
_c20130914
_lUCH01
_h1510
590 _aCONVERSION
_b10
_c20130109
_lUCH01
_h1330
650 1 4 _aGanado de carne
_xSelección.
_945109
830 0 _aMinisterio de Agricultura. Hojas divulgadores
_v; 24-56
_975979
901 _aBK
942 _cFOLL
949 _aFolleto 5346
_bBC
_cFOLL
_d-129856
_eTS1
_i60206
_mD
_si
999 _c55081
_d55081